000 01036nam a22003017a 4500
005 20141001143406.0
008 141001t2008 xxua frd 001 0 eng d
020 _a9780071284202
020 _a0071284206
040 _aEG-ScBUE
082 0 0 _222
_a604.2
_bJEN
100 1 _936136
_aJensen, Cecil Howard,
_d1925-
245 1 0 _aEngineering drawing & design /
_cCecil Jensen, Jay D. Helsel, Dennis R. Short.
246 3 _aEngineering drawing and design
250 _a7th ed.,
_bMcGraw-Hill international ed.
260 _aNew York, United Staes :
_bMcGraw-Hill Higher Education,
_cc.2008
_f(Acid-Free Paper)
300 _a[Various pagings] :
_bill. (col.) ;
_c28 cm.
500 _aIncludes appendixes
500 _aIncludes glossary.
500 _aIncludes index.
650 0 _95793
_aMechanical drawing
650 0 _93587
_aEngineering design
653 _bENGMEC
_cOctober2014
655 _vreading book
_934232
700 1 _936137
_aHelsel, Jay D.
700 1 _936138
_aShort, Dennis R.
_cProfessor
942 _2ddc
_k604.2 JEN
999 _c18428
_d18400